Lahore: (Record no. 330810)

000 -LEADER
fixed length control field 00781nam a22002177a 4500
003 - CONTROL NUMBER IDENTIFIER
control field NUST
005 - DATE AND TIME OF LATEST TRANSACTION
control field 20231219144901.0
008 - FIXED-LENGTH DATA ELEMENTS--GENERAL INFORMATION
fixed length control field 170809b xxu||||| |||| 00| 0 eng d
040 ## - CATALOGING SOURCE
Transcribing agency NUST
041 ## - LANGUAGE CODE
Language code of original urdu
082 ## - DEWEY DECIMAL CLASSIFICATION NUMBER
Classification number 954.9143
Author Mark LAH
245 ## - TITLE STATEMENT
Title Lahore:
Remainder of title azmaton ki kahani- gunahon ki dastan/
Statement of responsibility, etc. Taleef o tarjuma by Yasir Jawad
260 ## - PUBLICATION, DISTRIBUTION, ETC.
Place of publication, distribution, etc. Lahore:
Name of publisher, distributor, etc. Nagarshat,
Date of publication, distribution, etc. 2011.
300 ## - PHYSICAL DESCRIPTION
Extent 368 p.
500 ## - GENERAL NOTE
General note History
650 ## - SUBJECT ADDED ENTRY--TOPICAL TERM
Topical term or geographic name entry element History- Pakistan
Form subdivision Lahore district
9 (RLIN) 3850
880 ## - ALTERNATE GRAPHIC REPRESENTATION
Linkage 100-01\(3\r
Title تالیف و ترجمہ: یاسر جواد
880 ## - ALTERNATE GRAPHIC REPRESENTATION
Linkage 245-02\(3\r
Title لاہور:
b عظمتوں کی کہانی- گناہوں کا اعتراف
c تالیف و ترجمہ: یاسر جواد
880 ## - ALTERNATE GRAPHIC REPRESENTATION
Linkage 260-03\(3\r
Title لاہور:
b نگارشات،
c 2011
942 ## - ADDED ENTRY ELEMENTS (KOHA)
Source of classification or shelving scheme
Koha item type Book
Holdings
Withdrawn status Lost status Source of classification or shelving scheme Damaged status Not for loan Permanent Location Current Location Shelving location Date acquired Total Checkouts Full call number Barcode Date last seen Date last checked out Copy number Price effective from Koha item type
          Central Library (CL) Central Library (CL) Fiction 08/09/2017 1 954.9143 LAH CL2799 06/26/2025 01/13/2024 1 08/09/2017 Book
© 2023 Central Library, National University of Sciences and Technology. All Rights Reserved.